<?xml version="1.0" encoding="UTF-8"?><?xml-stylesheet type="text/xsl" href="static/style.xsl"?><OAI-PMH xmlns="http://www.openarchives.org/OAI/2.0/" xmlns:xsi="http://www.w3.org/2001/XMLSchema-instance" xsi:schemaLocation="http://www.openarchives.org/OAI/2.0/ http://www.openarchives.org/OAI/2.0/OAI-PMH.xsd"><responseDate>2026-06-01T13:43:24Z</responseDate><request verb="GetRecord" identifier="oai:riuma.uma.es:10630/29291" metadataPrefix="marc">https://riuma.uma.es/rest/oai/request</request><GetRecord><record><header><identifier>oai:riuma.uma.es:10630/29291</identifier><datestamp>2026-02-03T11:03:26Z</datestamp><setSpec>com_10630_2254</setSpec><setSpec>col_10630_37953</setSpec></header><metadata><record xmlns="http://www.loc.gov/MARC21/slim" xmlns:dcterms="http://purl.org/dc/terms/" xmlns:doc="http://www.lyncode.com/xoai" xmlns:xsi="http://www.w3.org/2001/XMLSchema-instance" xsi:schemaLocation="http://www.loc.gov/MARC21/slim http://www.loc.gov/standards/marcxml/schema/MARC21slim.xsd">
   <leader>00925njm 22002777a 4500</leader>
   <datafield ind2=" " ind1=" " tag="042">
      <subfield code="a">dc</subfield>
   </datafield>
   <datafield ind2=" " ind1=" " tag="720">
      <subfield code="a">Compaña Prieto, José Manuel</subfield>
      <subfield code="e">author</subfield>
   </datafield>
   <datafield ind2=" " ind1=" " tag="720">
      <subfield code="a">Cabeza-Díaz, Aurelio</subfield>
      <subfield code="e">author</subfield>
   </datafield>
   <datafield ind2=" " ind1=" " tag="720">
      <subfield code="a">García-Aranda, Miguel Ángel</subfield>
      <subfield code="e">author</subfield>
   </datafield>
   <datafield ind2=" " ind1=" " tag="720">
      <subfield code="a">León-Reina, Laura</subfield>
      <subfield code="e">author</subfield>
   </datafield>
   <datafield ind2=" " ind1=" " tag="720">
      <subfield code="a">Corrales Aguilar, Manuel</subfield>
      <subfield code="e">author</subfield>
   </datafield>
   <datafield ind2=" " ind1=" " tag="720">
      <subfield code="a">Corrales-Aguilar, Pilar</subfield>
      <subfield code="e">author</subfield>
   </datafield>
   <datafield ind2=" " ind1=" " tag="260">
      <subfield code="c">2014-06</subfield>
   </datafield>
   <datafield ind2=" " ind1=" " tag="520">
      <subfield code="a">Se han estudiado 22 terracotas figuradas feno-púnicas y romanas, de alto valor arqueológico y patrimonial. Las muestras&#xd;
proceden de las excavaciones del Teatro romano de Málaga (España). El análisis realizado incluye estereomicroscopía,&#xd;
análisis elemental mediante WDXRF, análisis mineralógico cuantitativo mediante el método de Rietveld de los datos de&#xd;
XRPD y SEM. Para minimizar el daño realizado a las muestras, se prepararon perlas muy diluidas, que han demostrado&#xd;
ser suficientes para los análisis de fluorescencia de rayos-X. Para muestras selectas, además del análisis usual mediante el&#xd;
método de Rietveld, se ha utilizado el método del estándar externo mediante el factor-G para obtener análisis cuantitativos&#xd;
de fases cristalinas y amorfas. Los resultados analíticos permiten proponer una procedencia local/regional para la mayor&#xd;
parte de las muestras, siendo esta información de gran interés para algunas piezas descontextualizadas debido a alteraciones&#xd;
estratigráficas en el yacimiento. Adicionalmente, algunas piezas relevantes, como un fragmento de máscara teatral (TRC005)&#xd;
son posiblemente piezas de importación. La cuantificación de la fracción amorfa indica que la magnitud de ésta no puede&#xd;
ser despreciada en las cuantificaciones, llegando a ser cercana al 50 wt %. Tecnológicamente, todas las terracotas son muy&#xd;
similares, fabricándose en arcillas calcáreas cocidas entre unos 700 y 950 ºC.</subfield>
   </datafield>
   <datafield ind1="8" ind2=" " tag="024">
      <subfield code="a">Boletín de la Sociedad Española de Cerámica y Vidrio, Vol. 53, Nº. 3, 2014, págs. 139-148</subfield>
   </datafield>
   <datafield ind1="8" ind2=" " tag="024">
      <subfield code="a">https://hdl.handle.net/10630/29291</subfield>
   </datafield>
   <datafield ind1="8" ind2=" " tag="024">
      <subfield code="a">10.3989/cyv.182014</subfield>
   </datafield>
   <datafield tag="653" ind2=" " ind1=" ">
      <subfield code="a">Arqueometría</subfield>
   </datafield>
   <datafield ind2="0" ind1="0" tag="245">
      <subfield code="a">Las figurillas de terracota del Teatro Romano de Málaga (España): Un estudio arqueométrico</subfield>
   </datafield>
</record>
</metadata></record></GetRecord></OAI-PMH>